Statistics for Countries by Largest Onshore Wind Farm

Click here to take the quiz!

General Stats

  • This quiz has been taken 18 times
  • The average score is 8 of 10

Answer Stats

Wind FarmCapacity (megawatts)Country% Correct
Macarthur Wind Farm420Australia
100%
Gansu Wind Farm7,965China
100%
Whitelee Wind Farm539United Kingdom
100%
Lagoa dos Ventos716Brazil
93%
Alta Wind Energy Center1,548United States
93%
Muppandal Wind Farm1,500India
86%
Markbygden Wind Farm814.1Sweden
79%
Zafarana Wind Farm545Egypt
57%
Dumat al-Jandal400Saudi Arabia
57%
Fântânele-Cogealac Wind Farm600Romania
21%

Score Distribution

Percentile by Number Answered

Percent of People with Each Score

Your Score History

You have not taken this quiz